| 000 | 00000nas 2200000zi 4500 |
| 001 | 9.931352 |
| 003 | CaOODSP |
| 005 | 20240111152353 |
| 006 | m o d f |
| 007 | cr cn |||||||| |
| 008 | 231211d20112013quctr p o f0### 0fre|d |
| 040 | |aCaOODSP|bfre|erda|cCaOODSP |
| 043 | |an-cn--- |
| 086 | 1 |aNM22-1F-PDF |
| 110 | 2 |aMusée canadien des civilisations.|eauteur, |eorganisme de publication. |
| 245 | 10|aÉtats financiers Musée canadien des civilisations pour le trimestre terminé le ..., non audité. |
| 264 | 1|a[Gatineau, Québec] : |bMusée canadien des civilisations, |c[2011-2013] |
| 310 | |aTrois fois par année |
| 336 | |atexte|btxt|2rdacontent/fre |
| 337 | |ainformatique|bc|2rdamedia/fre |
| 338 | |aressource en ligne|bcr|2rdacarrier/fre |
| 362 | 1 |aParaît depuis : 30 juin 2011; ne paraît plus après : 30 septembre 2013. |
| 500 | |aPublié aussi en anglais sous le titre : Financial statements of Canadian Museum of Civilization for the period ended ..., unaudited. |
| 588 | |aDescription d'après : 30 juin 2011; titre de la page couverture du fichier PDF. |
| 588 | |aDernière livraison consultée : 30 septembre 2013. |
| 610 | 26|aMusée canadien des civilisations|xFinances|vPériodiques. |
| 650 | 6|aÉtats financiers non vérifiés|zCanada|vPériodiques. |
| 650 | 6|aFinances publiques|zCanada|vPériodiques. |
| 655 | 7|aPériodiques|2rvmgf |
| 775 | 08|tFinancial statements of Canadian Museum of Civilization for the period ended ..., unaudited.|w(CaOODSP)9.931353 |
| 785 | 00|tÉtats financiers Musée canadien de l'histoire pour le trimestre terminé le ..., non audité.|w(CaOODSP)9.932281 |